01217cam a2200337 i 4500001000700000003002700007005001700034008004100051010001700092020001800109020001500127035002400142040003500166042002100201050002700222100003500249245007600284250001500360264005000375300002400425336002600449337002800475338002700503490002100530504007200551546001600623600006000639600007500699650005900774830004600833584401Konya_Okul_Kütüphaneleri20250529151946.0160206s2014 tu b 000 0 tur d a 2015354165 a9786050920369 a6050920362 a(OCoLC)ocn889885211 aOSUbengcOSUerdadOCLCFdDLC alccopycatalcode00aPQ2637.A274bP463 20141 aCoral, Mehmet,d1947-eauthor.10aKüçük prens :bçöle düşen yıldız /cMehmet Coral. TEST a1. baskı. 1aŞişli-İstanbul :bDoğan Kitap,c2014. a289 pages ;c23 cm. atextbtxt2rdacontent aunmediatedbn2rdamedia avolumebnc2rdacarrier1 aBiyografik roman aIncludes bibliographical references (unnumbered page 287-page 289). aIn Turkish.10aSaint-Exupéry, Antoine de,d1900-1944.tPetit prince.10aSaint-Exupéry, Antoine de,d1900-1944xCriticism and interpretation. 0aChildren's stories, FrenchvTranslations into Turkish. 0aBiyografik roman (Doğan Kitapçılık)